00281nam a2200121Ia 4500008004100000041000800041082001500049100001600064245002000080260003500100300001700135365000700152240624s9999 xx 000 0 und d aeng a006.74 NAV aNAVARRO ANN aHTML BY EXAMPLE c2000aNew DelhibPrentice-Hall axviii, : 475 cRS